000 00754nam a2200241Ia 4500
003 GCL
008 140319s9999 xx 000 0 ara d
040 _aGCL /
_cGCL
082 0 4 _a940
_bر ت
100 1 _aرونوفن، بيير
245 1 0 _aتاريخ القرن العشرين /
_cرونوفن، بيير
700 1 _aنورالدين حاطوم
260 _a[S.N] :
_bدار الكتب المصرية
300 _a503 ص
490 _a
650 0 4 _aتاريخ
650 0 4 _aالاحوال الاقتصادية
650 0 4 _aاوربا الشرقية
650 0 4 _aاوربا
650 0 4 _aالحرب العالمية الاولى 1914- 1918
650 0 4 _aالحرب العالمية الثانية 1939 - 1945
942 _2ddc
_cBK
999 _c59014
_d59014